[Event "Oslo GM Open"]
[Site "Oslo NOR"]
[Date "2011.10.04"]
[Round "3"]
[White "Dolzhikova, Olga"]
[Black "Haarr, Jon Kristian"]
[Result "1/2-1/2"]
[WhiteTitle "WGM"]
[WhiteElo "2275"]
[BlackElo "2211"]
[WhiteFideId "14105870"]
[BlackFideId "1505963"]
[EventDate "2011.10.02"]

1. e4 c6 2. d4 d5 3. exd5 cxd5 4. c4 Nf6 5. Nc3 g6 6. Qb3 Bg7 7. cxd5 O-O 8. Be2
Na6 9. Bf4 Qb6 10. Qxb6 axb6 11. d6 Nb4 12. Rd1 Re8 13. Nf3 exd6 14. Bxd6 Nxa2
15. Nb5 Nd5 16. Ne5 f6 17. Bc4 Be6 18. Nd3 Bg4+ 19. Ne5 Be6 20. O-O fxe5 21.
dxe5 Nf4 22. Bxe6+ Nxe6 23. Ra1 Ra5 24. Na3 Bxe5 25. Bxe5 Rxe5 26. Rxa2 Re2 27.
Nb5 Nc5 28. Nd4 Rd2 29. Nf3 Rc2 30. Nd4 Rc4 31. Nf3 Re2 32. b3 Rce4 33. Rxe2
Rxe2 34. b4 Nd3 35. b5 Rb2 36. g3 Rxb5 37. Rd1 Nc5 38. Rd8+ Kg7 39. Kg2 Rb2 40.
Rc8 Ne4 41. Rc7+ Kf6 42. Nd4 Rxf2+ 43. Kg1 Rd2 44. Nf3 Rd1+ 45. Kg2 h5 46. Rxb7
Rb1 47. Nd4 Rb2+ 48. Kf3 Nc5 49. Rc7 Rd2 50. Rc6+ Ke5 51. Nb5 Ne6 52. Rxb6 Rb2
53. Nd6 Ng5+ 54. Ke3 Rxb6 55. Nc4+ Kf5 56. Nxb6 Kg4 57. Nd5 Ne6 58. Kf2 Kh3 59.
Kg1 g5 60. Nf6 Nd4 61. Nxh5 Nf3+ 62. Kf2 Nxh2 63. Nf6 Nf1 64. Ne4 Nxg3 65. Nxg3 1/2-1/2

[Event "Oslo GM Open"]
[Site "Oslo NOR"]
[Date "2011.10.04"]
[Round "3"]
[White "Guttulsrud, Odd Martin"]
[Black "Sousa, Ludy Helsio Paulo"]
[Result "1-0"]
[WhiteElo "2190"]
[BlackElo "2238"]
[WhiteFideId "1507249"]
[BlackFideId "1504134"]

1. e4 c5 2. Nf3 d6 3. d4 cxd4 4. Nxd4 Nf6 5. Nc3 a6 6. Be3 e5 7. Nb3 Be6 8. f3
Nbd7 9. g4 b5 10. Qd2 Nb6 11. g5 Nfd7 12. Nd5 Bxd5 13. exd5 Qc7 14. O-O-O Rc8
15. Bxb6 Nxb6 16. Na5 Be7 17. f4 Nxd5 18. Bh3 O-O 19. Bxc8 Rxc8 20. Kb1 Nxf4 21.
h4 d5 22. Nb3 b4 23. Nc1 d4 24. Ne2 Nd5 25. Qd3 Qb7 26. Qe4 Qb5 27. Ka1 Ne3 28.
Rd2 f5 29. gxf6 Bxf6 30. Nxd4 Qb6 31. Nf5 Nc4 32. Rd7 Qc6 33. Rxg7+ Kh8 34. Qxc6
Rxc6 35. Rf7 h5 36. Rg1 e4 37. Rf8+ Kh7 38. Rf7+ Kh8 39. Rd1 Nxb2 40. Rdd7 Nc4+
41. Kb1 Ne5 42. Rf8# 1-0

[Event "Oslo GM Open"]
[Site "Oslo NOR"]
[Date "2011.10.04"]
[Round "3"]
[White "Meurs, Tom"]
[Black "Gronnestad, Anita"]
[Result "1-0"]
[WhiteElo "2217"]
[BlackElo "1990"]
[WhiteFideId "1021176"]
[BlackFideId "1502972"]
[EventDate "2011.10.02"]

1. e4 e5 2. Nf3 Nf6 3. Nxe5 d6 4. Nf3 Nxe4 5. Nc3 Nxc3 6. dxc3 Be7 7. Bf4 O-O 8.
Qd2 a5 9. O-O-O Be6 10. Kb1 Nd7 11. Bd3 Nc5 12. h4 Qd7 13. Rde1 Bf6 14. Bg5 Be5
15. Nd4 Nxd3 16. Qxd3 Bxd4 17. cxd4 a4 18. h5 f6 19. Bd2 Rfe8 20. h6 g6 21. d5
Bf5 22. Qd4 Rf8 23. Bc3 Qf7 24. g4 c5 25. Qf4 Bd7 26. Qxd6 Rad8 27. Re7 Bxg4 28.
Qc7 Rxd5 29. Rxf7 Rxf7 30. Qb8+ Rf8 31. Qxb7 Rd7 32. Qe4 Bf5 33. Qc4+ Kh8 34.
Re1 1-0

[Event "Oslo GM Open"]
[Site "Oslo NOR"]
[Date "2011.10.04"]
[Round "4"]
[White "Ostmoe, Geir S. Tallaksen"]
[Black "Sadler, Matthew D"]
[Result "0-1"]
[WhiteTitle "FM"]
[BlackTitle "GM"]
[WhiteElo "2443"]
[BlackElo "2625"]
[WhiteFideId "1502778"]
[BlackFideId "400173"]
[EventDate "2011.10.02"]

1. d4 g6 2. e4 Bg7 3. Nc3 c6 4. Be3 d5 5. Qd2 dxe4 6. Nxe4 Nd7 7. Nf3 Ngf6 8.
Nxf6+ Nxf6 9. Bc4 O-O 10. O-O Ne4 11. Qe2 Nd6 12. Bb3 a5 13. a4 Bg4 14. Rad1 Nf5
15. h3 Bxf3 16. Qxf3 Qb6 17. Qe4 e6 18. g4 Nxe3 19. fxe3 Kh8 20. g5 Rac8 21. Rf3
c5 22. d5 exd5 23. Bxd5 Rce8 24. Qc4 Re5 25. h4 f6 26. Qb5 Qd6 27. Qxb7 fxg5 28.
Rxf8+ Qxf8 29. Rf1 Qd8 30. Bg2 gxh4 31. Qc6 Rg5 32. Kh1 h5 33. c4 Qb8 34. Rf2
Kh7 35. Rf4 Qxb2 36. Qf3 Qc1+ 37. Qf1 Qxe3 38. Rxh4 Rf5 39. Qd1 Kh6 40. Re4 Qg3
41. Qe1 Rf2 42. Qe3+ Qxe3 43. Rxe3 Bd4 44. Re6 Rf6 45. Re7 Rb6 46. Be4 Kg5 47.
Kg2 Kf4 48. Bc2 Rb2 49. Re4+ Kg5 50. Re2 Kf6 51. Bd1 Rb4 52. Re8 Rxc4 53. Ra8
Bc3 54. Ra6+ Ke5 0-1

[Event "Oslo GM Open"]
[Site "Oslo NOR"]
[Date "2011.10.04"]
[Round "4"]
[White "Tiviakov, Sergei"]
[Black "Hammer, Jon Ludvig"]
[Result "1/2-1/2"]
[WhiteTitle "GM"]
[BlackTitle "GM"]
[WhiteElo "2647"]
[BlackElo "2601"]
[WhiteFideId "1008013"]
[BlackFideId "1503707"]
[EventDate "2011.10.02"]

1. e4 e5 2. Nf3 Nc6 3. Bb5 Nf6 4. d3 Bc5 5. Bxc6 dxc6 6. h3 O-O 7. Qe2 Re8 8.
Be3 Qe7 9. Nbd2 Nh5 10. g3 Bxe3 11. Qxe3 c5 12. Qg5 Qxg5 13. Nxg5 f6 14. Ngf3
Be6 15. a4 g6 16. b3 1/2-1/2

[Event "Oslo GM Open"]
[Site "Oslo NOR"]
[Date "2011.10.04"]
[Round "4"]
[White "Raznikov, Danny"]
[Black "Elsness, Frode"]
[Result "1/2-1/2"]
[WhiteTitle "IM"]
[BlackTitle "IM"]
[WhiteElo "2433"]
[BlackElo "2491"]
[WhiteFideId "2811154"]
[BlackFideId "1501100"]
[EventDate "2011.10.02"]

1. d4 d5 2. c4 c6 3. Nc3 Nf6 4. e3 e6 5. Bd3 Nbd7 6. cxd5 exd5 7. Nge2 Bd6 8.
O-O O-O 9. f3 c5 10. Qe1 Re8 11. g4 cxd4 12. exd4 Nf8 13. Qf2 h6 14. Kh1 Ne6 15.
Rg1 Bf8 16. h4 g6 17. h5 g5 18. Ng3 Ng7 19. Bd2 1/2-1/2

[Event "Oslo GM Open"]
[Site "Oslo NOR"]
[Date "2011.10.04"]
[Round "4"]
[White "Gullaksen, Eirik"]
[Black "Urkedal, Frode"]
[Result "1/2-1/2"]
[WhiteTitle "IM"]
[BlackTitle "IM"]
[WhiteElo "2376"]
[BlackElo "2447"]
[WhiteFideId "1500945"]
[BlackFideId "1506102"]
[EventDate "2011.10.02"]

1. e4 e5 2. Nf3 Nc6 3. Nc3 Nf6 4. a3 d5 5. Bb5 Nxe4 6. Qe2 Qd6 7. Nxd5 Qxd5 8.
c4 Qd6 9. Qxe4 Bd7 10. O-O O-O-O 11. d3 f6 12. b4 Be6 13. Bb2 a6 14. c5 Qd7 15.
Bxc6 Qxc6 16. Qxc6 bxc6 17. d4 e4 18. Rfe1 Bd5 19. Nd2 f5 20. f3 exf3 21. Nxf3
g6 22. Ne5 Bg7 23. Rad1 Rhe8 24. Kf2 Kb7 25. Bc3 Bb3 26. Rd2 Bxe5 1/2-1/2

[Event "Oslo GM Open"]
[Site "Oslo NOR"]
[Date "2011.10.04"]
[Round "4"]
[White "Batsiashvili, Nino"]
[Black "Burmakin, Vladimir"]
[Result "0-1"]
[WhiteTitle "WGM"]
[BlackTitle "GM"]
[WhiteElo "2413"]
[BlackElo "2588"]
[WhiteFideId "13602993"]
[BlackFideId "4105109"]
[EventDate "2011.10.02"]

1. d4 d5 2. c4 c6 3. Nf3 Nf6 4. e3 a6 5. Bd3 g6 6. O-O Bg7 7. Nc3 O-O 8. h3 Nbd7
9. cxd5 cxd5 10. Bd2 b6 11. Qb3 Bb7 12. Rfc1 Re8 13. Rc2 Bf8 14. Ne2 Ne4 15.
Rac1 Nxd2 16. Rxd2 e6 17. Nc3 Bd6 18. Re1 b5 19. e4 b4 20. Na4 Rc8 21. Qd1 Bf4
22. Rc2 Qa5 23. b3 Rxc2 24. Qxc2 Rc8 25. Qe2 Bd6 26. exd5 Bxd5 27. Ne5 Bxe5 28.
dxe5 Rc6 29. h4 Qc7 30. Qe3 h5 31. Qg5 Nf8 32. Nb2 a5 33. Nc4 Bxc4 34. Bxc4 Rc5
35. Re4 Nd7 36. Qe7 Nb6 37. Qe8+ Kg7 38. Rd4 Rxe5 39. Rd8 Re1+ 40. Bf1 Kf6 41.
Qh8+ Kf5 42. Qe8 Ke5 43. Qh8+ f6 44. Qe8 Nd5 45. g3 Nc3 46. Rd2 Qb7 47. f3 Qxf3
48. Qb8+ Ke4 49. Rf2 Rxf1+ 50. Rxf1 Ne2+ 0-1

[Event "Oslo GM Open"]
[Site "Oslo NOR"]
[Date "2011.10.04"]
[Round "4"]
[White "Houska, Jovanka"]
[Black "Van Eijk, Sander"]
[Result "1/2-1/2"]
[WhiteTitle "IM"]
[BlackTitle "FM"]
[WhiteElo "2427"]
[BlackElo "2372"]
[WhiteFideId "405094"]
[BlackFideId "1011510"]
[EventDate "2011.10.02"]

1. d4 Nf6 2. Nf3 e6 3. c4 c5 4. d5 b5 5. Bg5 exd5 6. cxd5 h6 7. Bxf6 Qxf6 8. Qc2
Be7 9. e4 Qb6 10. a4 bxa4 11. Nc3 Na6 12. Bb5 Nb4 13. Qxa4 O-O 14. O-O d6 15. h3
a6 16. Be2 Qb7 1/2-1/2

[Event "Oslo GM Open"]
[Site "Oslo NOR"]
[Date "2011.10.04"]
[Round "4"]
[White "Klein, David"]
[Black "Galinsky, Timofey"]
[Result "1-0"]
[WhiteTitle "FM"]
[BlackTitle "IM"]
[WhiteElo "2359"]
[BlackElo "2441"]
[WhiteFideId "1003623"]
[BlackFideId "14104164"]
[EventDate "2011.10.02"]

1. e4 e6 2. d4 d5 3. Nd2 Nf6 4. e5 Nfd7 5. c3 c5 6. Bd3 Nc6 7. Ngf3 Be7 8. O-O
g5 9. dxc5 Ndxe5 10. Nxe5 Nxe5 11. Nb3 Qc7 12. f4 Bxc5+ 13. Nxc5 Qxc5+ 14. Kh1
Nxd3 15. Qxd3 g4 16. Be3 Qc4 17. Qd2 O-O 18. f5 exf5 19. Bh6 Qc6 20. Bxf8 Kxf8
21. Qd4 Kg8 22. Rae1 Be6 23. h3 Qb6 24. Qf6 Bd7 25. Qe7 Be6 26. hxg4 fxg4 27.
Re5 Qd8 28. Rg5+ Kh8 29. Rxf7 1-0

[Event "Oslo GM Open"]
[Site "Oslo NOR"]
[Date "2011.10.04"]
[Round "4"]
[White "Welling, Gerard"]
[Black "Bjerke, Richard"]
[Result "1-0"]
[WhiteTitle "IM"]
[BlackTitle "FM"]
[WhiteElo "2322"]
[BlackElo "2135"]
[WhiteFideId "1000446"]
[BlackFideId "1500252"]
[EventDate "2011.10.02"]

1. d4 d5 2. Bf4 Nf6 3. e3 g6 4. Nf3 Bg7 5. Be2 O-O 6. Nc3 c6 7. h4 Bg4 8. Ne5
Bxe2 9. Qxe2 Nbd7 10. O-O-O Nxe5 11. Bxe5 Qc8 12. f3 Qe6 13. g4 c5 14. h5 c4 15.
Qh2 h6 16. hxg6 fxg6 17. Ne2 Kf7 18. c3 Rh8 19. Nf4 Qc6 20. Qc2 Nd7 21. Bxg7
Kxg7 22. e4 dxe4 23. fxe4 Qf6 24. Rdf1 Qg5 25. Kb1 Nf8 26. e5 Rd8 27. Qe4 Rd7
28. Nh3 Qh4 29. e6 Rd8 30. Rf7+ 1-0

[Event "Oslo GM Open"]
[Site "Oslo NOR"]
[Date "2011.10.04"]
[Round "4"]
[White "Kovachev, Daniel Jakobsen"]
[Black "Hanssen, Gunnar Berg"]
[Result "1-0"]
[WhiteTitle "FM"]
[WhiteElo "2332"]
[BlackElo "2217"]
[WhiteFideId "1503448"]
[BlackFideId "1501534"]
[EventDate "2011.10.02"]

1. d4 Nf6 2. Nf3 e6 3. e3 b6 4. Bd3 Bb7 5. O-O Be7 6. Nbd2 c5 7. b3 Nc6 8. a3
O-O 9. Bb2 d6 10. Qe2 Qc7 11. c4 Rad8 12. Rac1 Qb8 13. Rfd1 Rfe8 14. Qf1 Qa8 15.
Bb1 Nb8 16. Qd3 Nbd7 17. b4 Nf8 18. e4 cxd4 19. Qxd4 Ng6 20. Re1 Bf8 21. Bd3 Ne5
22. Nxe5 dxe5 23. Qc3 a5 24. Bc2 axb4 25. axb4 g6 26. Ra1 Qc8 27. Qxe5 Bg7 28.
Qc3 Nh5 29. e5 f5 30. Nf1 Nf4 31. f3 Re7 32. Rad1 Rxd1 33. Bxd1 Rc7 34. Bb3 Ba6
35. Ne3 Bh6 36. Kh1 Qd8 37. Rd1 Qg5 38. Qd4 Rc8 39. Qxb6 Nh5 40. Qxe6+ Kh8 41.
Qxa6 Ng3+ 42. hxg3 Qh5+ 43. Kg1 Bxe3+ 44. Kf1 1-0

[Event "Oslo GM Open"]
[Site "Oslo NOR"]
[Date "2011.10.04"]
[Round "4"]
[White "Afek, Yochanan"]
[Black "Moor, Olivier"]
[Result "1-0"]
[WhiteTitle "IM"]
[BlackTitle "IM"]
[WhiteElo "2299"]
[BlackElo "2399"]
[WhiteFideId "2800462"]
[BlackFideId "1303112"]
[EventDate "2011.10.02"]

1. e4 e6 2. d4 d5 3. e5 c5 4. c3 Nc6 5. Nf3 Bd7 6. a3 a5 7. b3 Nge7 8. Bd3 cxd4
9. cxd4 Rc8 10. O-O Ng6 11. Be3 f6 12. Nbd2 Be7 13. exf6 Bxf6 14. Re1 O-O 15.
Qb1 Be8 16. b4 axb4 17. axb4 Be7 18. Ra4 Qd6 19. b5 Nb4 20. Bf1 Nc2 21. Rd1 Nxe3
22. fxe3 e5 23. e4 Bf7 24. exd5 Bxd5 25. Nc4 Qe6 26. Nfxe5 Nxe5 27. Nxe5 Bb3 28.
Bd3 g6 29. Re1 Qd5 30. Be4 Qe6 31. Ra7 Bd5 32. Bxg6 Qb6 33. Bxh7+ Kg7 34. Ra4
Rf4 35. Qg6+ Qxg6 36. Nxg6 Rxd4 37. Rxe7+ 1-0

[Event "Oslo GM Open"]
[Site "Oslo NOR"]
[Date "2011.10.04"]
[Round "4"]
[White "Hauge, Lars Oskar"]
[Black "Aguera Naredo, Javier"]
[Result "1/2-1/2"]
[BlackTitle "FM"]
[WhiteElo "2086"]
[BlackElo "2345"]
[WhiteFideId "1509276"]
[BlackFideId "2204169"]
[EventDate "2011.10.02"]

1. e4 g6 2. d4 Bg7 3. Nf3 d6 4. Nc3 a6 5. a4 b6 6. Bg5 h6 7. Be3 e6 8. Qd2 Nd7
9. h3 Ne7 10. Bd3 Bb7 11. Ne2 Nf6 12. Ng3 d5 13. e5 Ne4 14. Qe2 O-O 15. O-O Nf5
16. Nxf5 exf5 17. c4 c5 18. Rfd1 cxd4 19. Bxd4 Ng5 20. Nxg5 Qxg5 21. f3 Rfe8 22.
Qf2 f4 23. Bxb6 Qxe5 24. cxd5 Bxd5 25. Rd2 Re6 26. a5 Bc6 27. Bc4 Rd6 28. Re1
Rxd2 29. Qxd2 Qxb2 30. Qxb2 Bxb2 31. Re7 Bb5 32. Bxf7+ Kf8 33. Rb7 Bc6 34. Rc7
Be5 35. Bc5+ Kg7 36. Rxc6 1/2-1/2

[Event "Oslo GM Open"]
[Site "Oslo NOR"]
[Date "2011.10.04"]
[Round "4"]
[White "Moor, Roger"]
[Black "Haugli, Petter"]
[Result "1/2-1/2"]
[WhiteTitle "IM"]
[BlackTitle "IM"]
[WhiteElo "2402"]
[BlackElo "2300"]
[WhiteFideId "1302590"]
[BlackFideId "1500104"]
[EventDate "2011.10.02"]

1. Nf3 Nf6 2. c4 g6 3. b4 Bg7 4. Bb2 O-O 5. g3 d6 6. Bg2 e5 7. O-O Re8 8. d3 a6
9. Nc3 Nc6 10. a3 Bf5 11. Nd2 Qd7 12. Re1 Bh3 13. Bh1 Bg4 14. Rc1 Rab8 15. Qa4
Ne7 16. Qb3 c6 17. Nce4 Nxe4 18. dxe4 Be6 19. Red1 Rbd8 20. Qc2 Qc7 21. Nf3 Bh6
22. Rb1 f6 23. Bc1 Bxc1 24. Rbxc1 Nc8 25. Nd2 Qf7 26. Bf3 Ne7 27. e3 Kg7 28. Qb2
h5 29. Bg2 h4 30. f4 hxg3 31. hxg3 Rh8 32. c5 exf4 33. exf4 d5 34. Nf3 Kg8 35.
e5 fxe5 36. Qxe5 Bg4 37. Re1 Bxf3 38. Bxf3 Nf5 39. Kg2 Rf8 40. Bg4 Rh7 41. a4
Rd8 42. Rcd1 Kf8 43. Bxf5 gxf5 44. b5 axb5 45. axb5 cxb5 46. Rb1 Re8 47. Qxe8+
Qxe8 48. Rxe8+ Kxe8 49. Rxb5 Kd8 50. Kf3 Rd7 51. Ke3 d4+ 52. Kd3 Kc7 53. c6 bxc6
54. Rxf5 Rg7 1/2-1/2

[Event "Oslo GM Open"]
[Site "Oslo NOR"]
[Date "2011.10.04"]
[Round "4"]
[White "Popilski, Gil"]
[Black "Kvisvik, Brede"]
[Result "1/2-1/2"]
[WhiteTitle "IM"]
[WhiteElo "2381"]
[BlackElo "2235"]
[WhiteFideId "2809060"]
[BlackFideId "1502999"]
[EventDate "2011.10.02"]

1. e4 c5 2. Nf3 d6 3. d4 cxd4 4. Nxd4 Nf6 5. Nc3 a6 6. a4 g6 7. g3 Nc6 8. Bg2
Bd7 9. Nde2 Bg7 10. O-O O-O 11. h3 Rb8 12. Bg5 h6 13. Be3 b5 14. axb5 axb5 15.
Nd5 Kh7 16. c3 b4 17. c4 Na5 18. e5 Nxd5 19. Qxd5 Nb3 20. Rad1 Bxe5 21. c5 Be6
22. Qe4 Qc8 23. cxd6 exd6 24. Qh4 Bg7 25. Rxd6 Qc4 26. Nd4 Nxd4 27. Bxd4 Rfc8
28. Rd1 b3 29. Be4 Bxd4 30. R1xd4 Qc1+ 31. Kg2 Qg5 32. Qxg5 1/2-1/2

[Event "Oslo GM Open"]
[Site "Oslo NOR"]
[Date "2011.10.04"]
[Round "4"]
[White "Gabrielsen, Stig"]
[Black "Paikidze, Nazi"]
[Result "1/2-1/2"]
[WhiteTitle "FM"]
[BlackTitle "WGM"]
[WhiteElo "2311"]
[BlackElo "2412"]
[WhiteFideId "1501518"]
[BlackFideId "13603620"]
[EventDate "2011.10.02"]

1. e4 c6 2. d4 d5 3. Nc3 dxe4 4. Nxe4 Bf5 5. Ng3 Bg6 6. Nh3 Nf6 7. Nf4 e5 8.
Nxg6 hxg6 9. dxe5 Qa5+ 10. Bd2 Qxe5+ 11. Qe2 Nbd7 12. Qxe5+ Nxe5 13. f4 Ned7 14.
O-O-O Bc5 15. Be2 O-O 16. Rhf1 Rfe8 17. Rf3 Nb6 18. b4 Bf8 19. c4 Rad8 20. Be1
Rxd1+ 21. Kxd1 a6 22. h3 Na4 23. Bd2 c5 24. a3 Rc8 25. b5 axb5 26. Rb3 b4 1/2-1/2

[Event "Oslo GM Open"]
[Site "Oslo NOR"]
[Date "2011.10.04"]
[Round "4"]
[White "Getz, Nicolai"]
[Black "Arvola, Benjamin"]
[Result "1-0"]
[WhiteTitle "FM"]
[WhiteElo "2391"]
[BlackElo "2244"]
[WhiteFideId "1505572"]
[BlackFideId "1506536"]
[EventDate "2011.10.02"]

1. d4 f5 2. c4 Nf6 3. Nc3 g6 4. g3 Bg7 5. Bg2 O-O 6. Nf3 d6 7. O-O c6 8. b3 Na6
9. Bb2 Bd7 10. a3 Qb6 11. Qc2 Rae8 12. b4 e5 13. c5 dxc5 14. bxc5 Qa5 15. Nxe5
Be6 16. e3 Nc7 17. Rfe1 Re7 18. Bf1 Ncd5 19. Nc4 Qc7 20. Nd6 b6 21. Nxd5 Nxd5
22. a4 Rb8 23. Ba3 bxc5 24. Bxc5 Rd7 25. Nc4 Nb4 26. Qc3 a5 27. Rab1 Qd8 28.
Nxa5 Qxa5 29. Rxb4 Rdb7 30. Reb1 Rxb4 31. Rxb4 1-0

[Event "Oslo GM Open"]
[Site "Oslo NOR"]
[Date "2011.10.04"]
[Round "4"]
[White "Tari, Aryan"]
[Black "Gronn, Atle"]
[Result "0-1"]
[BlackTitle "IM"]
[WhiteElo "2224"]
[BlackElo "2378"]
[WhiteFideId "1510045"]
[BlackFideId "1500961"]
[EventDate "2011.10.02"]

1. e4 d6 2. d4 g6 3. Nf3 Bg7 4. Nc3 c6 5. a4 Nf6 6. h3 O-O 7. Be3 Nbd7 8. Be2 e5
9. O-O Qe7 10. d5 cxd5 11. Nxd5 Nxd5 12. Qxd5 Nf6 13. Qd3 d5 14. Bg5 Qb4 15.
exd5 Bf5 16. Qa3 Qxa3 17. Rxa3 Nxd5 18. Rd1 Nc7 19. g4 Be6 20. Be7 Rfc8 21. Ng5
Nd5 22. Nxe6 fxe6 23. Bg5 Rxc2 24. Rd2 Rac8 25. Bf3 h6 26. Bd1 Rc1 27. Rxd5 exd5
28. Bxc1 Rxc1 29. Rd3 d4 30. f3 Bf6 31. Kf2 Kg7 32. Ke2 h5 33. Rb3 Rc7 34. Kd3
Kh6 35. Ke4 Rc1 36. Rd3 Kg5 37. gxh5 gxh5 38. Rd2 Kh4 39. Rd3 Bg7 40. f4 exf4
41. Kxf4 Bh6+ 42. Ke4 Be3 43. Bf3 Rc7 44. Rb3 Rf7 45. Be2 Re7+ 46. Kd3 b6 47.
Bf3 Rf7 48. Be2 Re7 49. Bf3 Bf2 50. Kd2 Bg3 51. Kd3 Re3+ 52. Kc4 Rxf3 53. Rxf3
Kxh3 54. Kxd4 Kg2 55. Rf7 a5 56. Kc4 h4 57. Kb5 h3 58. Kxb6 h2 59. Rh7 Be1 60.
Rg7+ Kh3 0-1

[Event "Oslo GM Open"]
[Site "Oslo NOR"]
[Date "2011.10.04"]
[Round "4"]
[White "Thingstad, Even"]
[Black "Hole, Oystein"]
[Result "0-1"]
[BlackTitle "IM"]
[WhiteElo "2234"]
[BlackElo "2387"]
[WhiteFideId "1506439"]
[BlackFideId "1501526"]
[EventDate "2011.10.02"]

1. d4 d5 2. c4 c6 3. Nf3 Nf6 4. Nc3 dxc4 5. a4 Bf5 6. Ne5 Nbd7 7. Nxc4 Qc7 8. g3
e5 9. dxe5 Nxe5 10. Bf4 Nfd7 11. Bg2 g5 12. Ne3 gxf4 13. Nxf5 O-O-O 14. Qc2 h5
15. O-O fxg3 16. hxg3 h4 17. Nxh4 Rxh4 18. gxh4 Ng4 19. Rfd1 Bc5 20. e3 Bxe3 21.
Qe4 Bxf2+ 22. Kf1 f5 23. Qe6 Bc5 24. Ke2 Qg3 25. Rd2 Qxg2+ 26. Kd3 Qg3+ 27. Kc2
Ne3+ 28. Kb3 Qxh4 29. Rd3 Qb4+ 30. Ka2 Nd5 31. Rad1 Nf4 32. Qxf5 Nxd3 0-1

[Event "Oslo GM Open"]
[Site "Oslo NOR"]
[Date "2011.10.04"]
[Round "4"]
[White "Hagesaether, Ellen"]
[Black "Arjun, Bharat"]
[Result "0-1"]
[WhiteTitle "WIM"]
[BlackTitle "CM"]
[WhiteElo "2263"]
[BlackElo "2156"]
[WhiteFideId "1501909"]
[BlackFideId "5032725"]
[EventDate "2011.10.02"]

1. c4 Nf6 2. g3 c6 3. Bg2 d5 4. Nf3 Bf5 5. cxd5 cxd5 6. O-O e6 7. d3 Bd6 8. Nc3
Nc6 9. Re1 Bg6 10. a3 O-O 11. b4 Rc8 12. Bb2 a6 13. Qb3 b5 14. e4 Bb8 15. e5 Nd7
16. d4 Bh5 17. Ne2 Nb6 18. Nf4 Bxf3 19. Qxf3 Nc4 20. Bc3 Ba7 21. Red1 Ne7 22.
Bh3 Ng6 23. Nd3 Ne3 24. fxe3 Rxc3 25. Nc5 Bxc5 26. bxc5 Qa5 27. a4 bxa4 28. Qe2
Rb8 29. Rf1 h6 30. e4 Qb4 31. Rad1 dxe4 32. Qxe4 Nh8 33. c6 Qc4 34. Bg2 Ng6 35.
Rxf7 Kxf7 36. Rf1+ Kg8 37. Qxg6 Qxd4+ 38. Kh1 Qc4 39. h4 Rf8 40. Rf6 Rc1+ 41.
Kh2 Rc2 42. Kh3 Rf2 43. Rxe6 Rxg2 44. Re7 Rh2+ 45. Kxh2 Rf2+ 46. Kh3 Qf1+ 47.
Kg4 Qe2+ 48. Kh3 Rh2# 0-1

[Event "Oslo GM Open"]
[Site "Oslo NOR"]
[Date "2011.10.04"]
[Round "4"]
[White "Djurhuus, Rune"]
[Black "Andersen, Alf R."]
[Result "1-0"]
[WhiteTitle "GM"]
[WhiteElo "2458"]
[BlackElo "2206"]
[WhiteFideId "1500082"]
[BlackFideId "1503120"]
[EventDate "2011.10.02"]

1. e4 c5 2. Nf3 d6 3. d4 cxd4 4. Nxd4 Nf6 5. Nc3 g6 6. Be2 Bg7 7. O-O Nc6 8. Nb3
O-O 9. Bg5 Be6 10. Re1 Rc8 11. Bf1 Re8 12. Nd5 Ne5 13. Nxf6+ exf6 14. Be3 a6 15.
Nd4 Bc4 16. Ne2 Ng4 17. Bf4 Qb6 18. Qd4 Qxd4 19. Nxd4 Bxf1 20. Kxf1 f5 21. Rad1
Bxd4 22. Rxd4 Rxc2 23. f3 Nf6 24. Rxd6 Nh5 25. Bh6 Rxb2 26. exf5 Rxe1+ 27. Kxe1
f6 28. g4 Rxh2 29. fxg6 hxg6 30. gxh5 Rxh5 31. Bd2 Re5+ 32. Kf2 Kf7 33. Rb6 Rb5
34. Rxb5 axb5 35. Ke3 Ke6 36. Kd4 b6 37. Bf4 g5 38. Bc7 f5 39. Bxb6 g4 40. f4
Kd6 41. Ba5 Kc6 42. Bb4 g3 43. Ke3 1-0

[Event "Oslo GM Open"]
[Site "Oslo NOR"]
[Date "2011.10.04"]
[Round "4"]
[White "Guttulsrud, Odd Martin"]
[Black "Meurs, Tom"]
[Result "0-1"]
[WhiteElo "2190"]
[BlackElo "2217"]
[WhiteFideId "1507249"]
[BlackFideId "1021176"]
[EventDate "2011.10.02"]

1. e4 e5 2. Nf3 Nc6 3. Bb5 f5 4. d3 fxe4 5. dxe4 Nf6 6. Qd3 Bc5 7. O-O Nd4 8.
Nxd4 Bxd4 9. Nd2 a6 10. Bc4 Qe7 11. Kh1 d6 12. a4 Be6 13. Nf3 Ba7 14. Ng5 Bxc4
15. Qxc4 h6 16. Nf3 Qf7 17. Qb4 O-O-O 18. a5 Qg6 19. Ra4 Rhf8 20. Be3 Bxe3 21.
fxe3 Ng4 22. Ra3 Nf6 23. Ra4 Qe8 24. Kg1 g5 25. Qc4 Qb5 26. Qe6+ Kb8 27. Qa2 g4
28. Ne1 Nxe4 29. c4 Qc5 30. Nc2 Rxf1+ 31. Kxf1 Rf8+ 32. Kg1 Nd2 33. Qa1 Qc6 34.
b3 Qe4 35. Ra2 Qd3 0-1

[Event "Oslo GM Open"]
[Site "Oslo NOR"]
[Date "2011.10.04"]
[Round "4"]
[White "Lillevold, Frode"]
[Black "Dolzhikova, Olga"]
[Result "0-1"]
[BlackTitle "WGM"]
[WhiteElo "2164"]
[BlackElo "2275"]
[WhiteFideId "1502913"]
[BlackFideId "14105870"]
[EventDate "2011.10.02"]

1. d4 g6 2. c4 Bg7 3. Nc3 c5 4. d5 d6 5. e4 a6 6. Bd3 e5 7. Nge2 Ne7 8. Ng3 O-O
9. O-O Nd7 10. a4 f5 11. exf5 gxf5 12. Bg5 Nf6 13. Qb1 e4 14. Bc2 h6 15. Bd2 Ng4
16. h3 Ne5 17. b3 N7g6 18. Nh5 Qh4 19. Nxg7 Nf3+ 20. gxf3 Qxh3 21. Nxf5 Rxf5 22.
Bxe4 Rh5 0-1

[Event "Oslo GM Open"]
[Site "Oslo NOR"]
[Date "2011.10.04"]
[Round "4"]
[White "Spirin, Oleg"]
[Black "Vogel, Jaap"]
[Result "1/2-1/2"]
[WhiteTitle "IM"]
[BlackTitle "FM"]
[WhiteElo "2493"]
[BlackElo "2207"]
[WhiteFideId "4134494"]
[BlackFideId "1000764"]
[EventDate "2011.10.02"]

1. d4 e6 2. Nf3 f5 3. g3 Nf6 4. Bg2 d5 5. c4 Bd6 6. O-O O-O 7. b3 c6 8. Ba3 Bxa3
9. Nxa3 Qe7 10. Nc2 Bd7 11. Nce1 Be8 12. Nd3 Ne4 13. Qc2 Nd7 14. Nfe5 Nxe5 15.
Nxe5 Rd8 16. Rad1 Bh5 17. Bxe4 dxe4 18. Kg2 c5 19. dxc5 Qc7 20. f4 exf3+ 21.
Nxf3 Qxc5 22. Rxd8 Rxd8 23. Rd1 Rxd1 24. Qxd1 h6 25. Qd3 Bxf3+ 26. exf3 Kf7 27.
Qd7+ Kf6 28. Qd8+ Kf7 29. Qd2 a5 30. h4 Ke7 31. Qc3 Kf7 32. f4 b6 33. Qd2 Ke7
34. Kh2 Qc6 35. Qd4 Kf7 36. Qd8 Qc5 37. Qd2 Ke7 38. Qb2 Kf7 39. Kg2 Qc6+ 40. Kg1
Qf3 41. Qf2 Qd1+ 42. Kh2 Qd6 43. Qe3 Qc5 44. Qd2 Ke7 45. Qb2 Kf7 46. Qe2 Qd4 47.
Qg2 Kf6 48. Qe2 g5 1/2-1/2